00608nam a22002177a 450000500170000000800410001702000150005804000070007304100120008008200220009210000190011424500310013326000280016430000310019244000540022365000160027765000270029365000210032070000210034170000280036220230620150550.0230620b ||||| |||| 00| 0 eng d a0826488242 cAL aEnglish 223a420.141bHALO aM A K Halliday aOn Language and Lingistics aLondonbContinuumc2003 axi,476 p.bPBc23x15.5 cm. aVolume 3 in the Collected Works of M A K Halliday aLinguistics aLanguage and languages aSociolinguistics aHALLIDAY (M A K) aWEBSTER (Jonathan J) Ed